000 00287nam a22001337a 4500
008 170608b xxu||||| |||| 00| 0 eng d
020 _a67120517-X
041 _aeng
080 _a94
100 _a18
101 _aSHH
245 _aTHE ENDLESS CRISIS
_cGALBRAITH,J.K
942 _2udc
_cBK
999 _c16402
_d16402